| 000 | 01944nam a2200445 c 4500 | ||
|---|---|---|---|
| 003 | BLK | ||
| 005 | 20241230175342.0 | ||
| 008 | 180408b bul|||||r ||||||| ||bul|| | ||
| 010 | _aKNG00069570000 | ||
| 020 |
_a954-07-2217-9 _bиздат.: Унив. изд. Св. Климент Охридски - на том(ч. 1) |
||
| 040 | _aBLK | ||
| 041 |
_aBUL _cBUL |
||
| 080 |
_aРуска литература _b821.161.1 _x.09(091)(075.8) _z821.161.1.09(091)(075.8) |
||
| 080 |
_aРуска литература _b821.161.1 _x(092) _z821.161.1(092) |
||
| 080 |
_aБиографии _b929 _x(470) _z929(470) |
||
| 100 | 1 |
_aТроев, Петко Енчев _eпърви автор _9251467 |
|
| 139 |
_aТроев, Петко Енчев _bТ 86 |
||
| 245 | 1 | 0 |
_aРуска класическа литература _bУнив. учебник : Ч. 1 - _cПетко Енчев Троев. _nЧ. 1 |
| 257 | _aBGR | ||
| 260 |
_аСофия _c2006 - |
||
| 300 | _c24 см | ||
| 380 | _a82 | ||
| 500 | _aОфс. изд. | ||
| 504 | _aслед отд. гл. | ||
| 650 | 4 |
_aРуска литература - история _9260976 |
|
| 650 | 4 |
_aРуска литература - теми, образи, сюжети _9251651 |
|
| 650 | 4 |
_aПисатели, руски - творчество _9274413 |
|
| 653 | _aруска литература | ||
| 653 | _aруски писатели | ||
| 653 | _aлитературна критика | ||
| 653 | _aистория | ||
| 653 | _aучебници за ВУЗ | ||
| 760 | 1 |
_3- на том(ч. 1) _aТроев, Петко Енчев _dУнив. изд. Св. Климент Охридски, 2006 _h342 с. _nХронол. табл. - Библиогр. след отд. гл. _tЧ. 1 |
|
| 852 | _aЦб 230129 | ||
| 856 | 4 |
_qpdf _u |
|
| 856 | 4 |
_qpdf _u |
|
| 942 |
_cKNG _n0 _010 |
||
| 944 |
_aCR _c21.11.2006 _lДиана Гривева _k30529 |
||
| 944 |
_aED _c15.05.2014 _lф / _k |
||
| 999 |
_c65294 _d65294 |
||